| 000 | 00389cam a2200157ua 4500 | ||
|---|---|---|---|
| 020 | _cRs.3/- | ||
| 041 |
_aeng _h |
||
| 082 |
_a891.54 _bLAK/HA |
||
| 100 | _aLakshmi, Narain. | ||
| 245 |
_aHamare sankar-sutha / _cLakshmiiran. _hTextual Documents |
||
| 260 |
_a : _bSastha sahithia mandal , _c1966. |
||
| 300 | _a144 ; . | ||
| 365 | _aRs.3/- | ||
| 504 | _a | ||
| 999 |
_c11630 _d11630 |
||